[Event "27th Budapest Spring Festival"]
[Site "Budapest, Hungary"]
[Date "2011.03.22"]
[Round "6"]
[White "Boguszlavszkij, Jevgenyij"]
[Black "Tran, Tuan Minh"]
[Result "1-0"]
[WhiteElo "2254"]
[BlackElo "2295"]
[PlyCount "123"]
[EventDate "2011.??.??"]

1. d4 e6 2. Nc3 Bb4 3. g3 d5 4. a3 Bxc3+ 5. bxc3 Nf6 6. Bg2 c5 7. Nh3 Nc6 8.
O-O O-O 9. Re1 Qa5 10. Bb2 Qa4 11. dxc5 Ne4 12. Nf4 Nxc5 13. Nh5 Qc4 14. e4 Ne5
15. Bf1 Qa4 16. exd5 Ng6 17. c4 f6 18. Bd4 b6 19. Bxc5 bxc5 20. dxe6 Bb7 21.
Rb1 Qc6 22. Rxb7 Qxb7 23. Bg2 Qe7 24. Bxa8 Rxa8 25. Qd7 Qxd7 26. exd7 Ne5 27.
Kg2 Kf7 28. f4 Nxc4 29. Nxg7 Rd8 30. Ne6 Rxd7 31. Nxc5 Rd2+ 32. Kh3 Rxc2 33.
Ne4 Kg6 34. a4 h5 35. Nc5 Nb6 36. Ne6 Ra2 37. Rf1 Kf5 38. Nd4+ Ke4 39. Nb5 Nxa4
40. Nxa7 Nc3 41. Nc6 Nd5 42. Re1+ Ne3 43. Ne7 Rd2 44. Ng8 f5 45. Ne7 Kd3 46.
Rxe3+ Kxe3 47. Nxf5+ Ke4 48. Ng7 Ra2 49. Nxh5 Rb2 50. Nf6+ Kf5 51. Ng4 Ra2 52.
Ne3+ Ke4 53. Ng2 Rb2 54. Nh4 Ra2 55. Ng6 Kf5 56. Ne5 Rb2 57. g4+ Ke4 58. Ng6
Kf3 59. f5 Rb7 60. Kh4 Rh7+ 61. Kg5 Rxh2 62. f6 1-0

[Event "27th Budapest Spring Festival"]
[Site "Budapest, Hungary"]
[Date "2011.03.22"]
[Round "6"]
[White "Borda, Lajos"]
[Black "Kahn, Evarth Dr"]
[Result "0-1"]
[WhiteElo "2135"]
[BlackElo "2253"]
[PlyCount "50"]
[EventDate "2011.??.??"]

1. e4 c5 2. Nf3 d6 3. c3 Nf6 4. h3 Bd7 5. d3 Nc6 6. Be3 g6 7. Nbd2 Bg7 8. g4 e5
9. Bg2 O-O 10. Nf1 b6 11. c4 Nd4 12. Ng3 b5 13. O-O bxc4 14. dxc4 Qc8 15. Ne2
h5 16. g5 Nxe4 17. Nfxd4 exd4 18. Bf4 Re8 19. f3 Bxh3 20. Qd3 Bxg2 21. Kxg2 d5
22. Rac1 Qa6 23. b4 dxc4 24. Rxc4 Nc3 25. Nc1 Nd5 0-1

[Event "27th Budapest Spring Festival"]
[Site "Budapest, Hungary"]
[Date "2011.03.22"]
[Round "6"]
[White "Carlstedt, Jonathan"]
[Black "Medvegyne Balogh, Emese"]
[Result "1-0"]
[WhiteElo "2386"]
[BlackElo "2095"]
[PlyCount "71"]
[EventDate "2011.??.??"]

1. c4 e5 2. g3 Nc6 3. Bg2 g6 4. Nc3 Bg7 5. Rb1 Nge7 6. e3 d6 7. Nge2 Be6 8. Nd5
Qd7 9. d3 O-O 10. O-O f5 11. f4 Nd8 12. b3 c6 13. Nxe7+ Qxe7 14. Ba3 Nf7 15.
Qd2 Rad8 16. Rbe1 Rfe8 17. fxe5 Nxe5 18. Nf4 Qg5 19. d4 Ng4 20. d5 Bc8 21. dxc6
bxc6 22. Bxc6 Re4 23. Bxe4 fxe4 24. Qd5+ Qxd5 25. Nxd5 Be6 26. Ne7+ Kh8 27. Nc6
Rd7 28. Nd4 Bg8 29. Bb2 Ne5 30. Re2 Nd3 31. Ba1 d5 32. cxd5 Rxd5 33. Rc2 h5 34.
Rc7 a5 35. Re7 Re5 36. Rxg7 1-0

[Event "27th Budapest Spring Festival"]
[Site "Budapest, Hungary"]
[Date "2011.03.22"]
[Round "6"]
[White "Koczo, Kristof"]
[Black "Lee, Kai Jie Edward"]
[Result "1/2-1/2"]
[WhiteElo "2264"]
[BlackElo "1913"]
[PlyCount "95"]
[EventDate "2011.??.??"]

1. d4 d5 2. c4 dxc4 3. e3 e6 4. Bxc4 Nf6 5. Nf3 c5 6. O-O Nc6 7. Nc3 cxd4 8.
exd4 Be7 9. Bg5 O-O 10. Re1 h6 11. Bh4 Qb6 12. Qd2 Rd8 13. Rad1 Bd7 14. d5 exd5
15. Bxf6 Bxf6 16. Nxd5 Qxb2 17. Qf4 Be6 18. Rb1 Bxd5 19. Rxb2 Bxb2 20. Bxd5
Rxd5 21. g3 Bf6 22. Qc7 Rb8 23. Rb1 Bd8 24. Qf4 Bb6 25. Kg2 Rbd8 26. Re1 Ba5
27. Re2 b5 28. Ne5 Nxe5 29. Rxe5 g5 30. Qf5 Rd2 31. Re7 Rf8 32. Qxb5 Bb6 33.
Re2 Rd6 34. Re8 Rd8 35. Rxf8+ Kxf8 36. a4 Bd4 37. Qf5 Rd6 38. Qc8+ Kg7 39. f4
Rb6 40. h4 gxh4 41. gxh4 Rf6 42. Kf3 Be5 43. f5 a6 44. Ke4 Bg3 45. h5 Be1 46.
Qc5 Bh4 47. Kf4 Bg5+ 48. Ke5 {after 39 move} 1/2-1/2

[Event "27th Budapest Spring Festival"]
[Site "Budapest, Hungary"]
[Date "2011.03.22"]
[Round "6"]
[White "Tran, Minh Thang"]
[Black "Horvath, David"]
[Result "0-1"]
[WhiteElo "2077"]
[BlackElo "2309"]
[PlyCount "88"]
[EventDate "2011.??.??"]

1. d4 f5 2. Bf4 d6 3. e3 g6 4. Nf3 Bg7 5. Bc4 Nh6 6. c3 c6 7. a4 d5 8. Bd3 Nf7
9. Qb3 Nd7 10. c4 e5 11. Nxe5 Nfxe5 12. Bxe5 Nxe5 13. dxe5 dxc4 14. Bxc4 Bxe5
15. O-O Qb6 16. Nc3 Qxb3 17. Bxb3 Ke7 18. Rfd1 Be6 19. Bxe6 Kxe6 20. Rd3 Rhd8
21. Rad1 Rxd3 22. Rxd3 Rb8 23. f4 Bf6 24. Kf2 b5 25. b3 Bxc3 26. Rxc3 bxa4 27.
bxa4 Kd6 28. Rd3+ Kc7 29. h3 Rb4 30. a5 Ra4 31. a6 Rxa6 32. g4 Ra5 33. Kg3 Rd5
34. Ra3 a5 35. gxf5 gxf5 36. Kh4 Kb6 37. Kg5 c5 38. h4 c4 39. h5 Kb5 40. Kh6
Rd7 41. e4 fxe4 42. f5 Kb4 43. Re3 c3 44. Rxe4+ Kb3 0-1

[Event "27th Budapest Spring Festival"]
[Site "Budapest, Hungary"]
[Date "2011.03.22"]
[Round "6"]
[White "Juhasz, Armin"]
[Black "Kabai, Zsuzsanna"]
[Result "1-0"]
[WhiteElo "2037"]
[BlackElo "2148"]
[PlyCount "59"]
[EventDate "2011.??.??"]

1. d4 d5 2. c4 e6 3. Nc3 c6 4. Nf3 Nf6 5. cxd5 exd5 6. Bg5 h6 7. Bh4 Bf5 8. Qb3
g5 9. Bg3 Qb6 10. e3 Nbd7 11. Be2 Nh5 12. Be5 Bg7 13. Bxg7 Nxg7 14. Nd2 Bg6 15.
h4 O-O-O 16. Qa3 f5 17. Rc1 Bf7 18. b4 a6 19. b5 Nb8 20. Nb3 Ne6 21. Na4 Qc7
22. bxa6 Nxa6 23. Bxa6 bxa6 24. Nac5 Rde8 25. Qxa6+ Kd8 26. Nxe6+ Rxe6 27. hxg5
f4 28. Qa8+ Ke7 29. Qxh8 fxe3 30. O-O 1-0

[Event "27th Budapest Spring Festival"]
[Site "Budapest, Hungary"]
[Date "2011.03.22"]
[Round "6"]
[White "Meixner, Ferenc"]
[Black "Szalanczy, Emil"]
[Result "0-1"]
[WhiteElo "2072"]
[BlackElo "2269"]
[PlyCount "70"]
[EventDate "2011.??.??"]

1. e4 c5 2. Nf3 d6 3. b4 Nf6 4. bxc5 dxc5 5. Bb5+ Bd7 6. Qe2 e6 7. Nc3 Nc6 8.
O-O Nd4 9. Nxd4 cxd4 10. e5 dxc3 11. exf6 gxf6 12. dxc3 Bxb5 13. Qxb5+ Qd7 14.
Qb3 Rg8 15. Be3 Qc6 16. g3 Bd6 17. Rab1 b6 18. Rfd1 Rc8 19. Rd3 Rg4 20. Qb5
Qxb5 21. Rxb5 Be5 22. f4 Bxc3 23. Kf2 f5 24. Kf3 h5 25. Rb3 Bf6 26. a4 Rxc2 27.
a5 Rxh2 28. Bg1 Rb2 29. Rxb2 Bxb2 30. a6 h4 31. Bxb6 Rxg3+ 32. Ke2 Rxd3 33.
Kxd3 h3 34. Bg1 Kd7 35. Ke2 Bd4 0-1

[Event "27th Budapest Spring Festival"]
[Site "Budapest, Hungary"]
[Date "2011.03.22"]
[Round "6"]
[White "Szajbely, Zsigmond"]
[Black "Lengyel, Bela"]
[Result "0-1"]
[WhiteElo "2074"]
[BlackElo "2296"]
[PlyCount "104"]
[EventDate "2011.??.??"]

1. e4 e5 2. Nf3 Nc6 3. d4 exd4 4. Nxd4 Bc5 5. Be3 Qf6 6. c3 Nge7 7. Bc4 Ne5 8.
Be2 Qg6 9. O-O d6 10. f4 Qxe4 11. Bf2 Qxf4 12. Nb5 Ng4 13. Bxg4 Bxg4 14. Bxc5
Bxd1 15. Rxf4 Kd7 16. Bf2 Bh5 17. c4 a6 18. Nd4 g5 19. Re4 c5 20. Nf3 f5 21.
Re1 g4 22. Nfd2 Bf7 23. Nc3 Rae8 24. b3 Ng6 25. Nf1 Kc6 26. Ne3 Re5 27. Ned5 b5
28. Bg3 Rxe1+ 29. Rxe1 bxc4 30. bxc4 Rb8 31. Rf1 Be6 32. Ne3 Rb2 33. Bf4 h5 34.
g3 Rb4 35. Ncd5 Rb2 36. Nc3 Rd2 37. Rd1 Rd4 38. Rb1 Bxc4 39. Nxf5 Rd3 40. Rd1
Rxd1+ 41. Nxd1 d5 42. a3 d4 43. Kf2 Bd3 44. Ng7 Bc2 45. Nb2 h4 46. Nh5 Kb5 47.
Nf6 Nxf4 48. gxf4 c4 49. Nd5 c3 50. a4+ Kc5 51. Nxc3 dxc3 52. Nd3+ Bxd3 0-1

[Event "27th Budapest Spring Festival"]
[Site "Budapest, Hungary"]
[Date "2011.03.22"]
[Round "6"]
[White "Heyl, Thomas"]
[Black "Hradeczky, Tamas"]
[Result "1/2-1/2"]
[WhiteElo "2050"]
[BlackElo "2260"]
[PlyCount "44"]
[EventDate "2011.??.??"]

1. d4 Nf6 2. Nf3 e6 3. e3 b6 4. Bd3 Bb7 5. O-O c5 6. c3 d6 7. Nbd2 Nbd7 8. Re1
Be7 9. e4 cxd4 10. cxd4 e5 11. Nc4 exd4 12. Nxd4 O-O 13. Nf5 Ne5 14. Bg5 h6 15.
Bxf6 Bxf6 16. Nfxd6 Ba6 17. Nxe5 Qxd6 18. Bxa6 Qxe5 19. Rb1 Rad8 20. Qe2 Rd4
21. Bb7 Qa5 22. Red1 Qxa2 1/2-1/2

[Event "27th Budapest Spring Festival"]
[Site "Budapest, Hungary"]
[Date "2011.03.22"]
[Round "6"]
[White "Bea, Boglarka"]
[Black "Peczely, Sebastian Zsombor"]
[Result "1-0"]
[WhiteElo "2109"]
[BlackElo "1929"]
[PlyCount "99"]
[EventDate "2011.??.??"]

1. e4 e5 2. Nf3 d6 3. d4 Qe7 4. dxe5 dxe5 5. Nc3 Nf6 6. Bg5 c6 7. Qd2 h6 8. Bh4
Bg4 9. O-O-O Qc7 10. h3 Bxf3 11. gxf3 Nbd7 12. Bc4 Bb4 13. Qe3 Bc5 14. Qd3 O-O
15. Rhg1 b5 16. Qd2 Kh7 17. Bd3 a5 18. Ne2 a4 19. Ng3 g6 20. Rg2 Bb6 21. Rdg1
Rg8 22. Ne2 Ba5 23. c3 Rab8 24. f4 Qd6 25. Bxf6 Qxf6 26. Bc2 Rbd8 27. f5 Bb6
28. Qd3 Nc5 29. Qf3 Qd6 30. fxg6+ fxg6 31. Rxg6 Qxg6 32. Rxg6 Rxg6 33. Qf5 Nd3+
34. Bxd3 Rxd3 35. h4 Kg7 36. Qxe5+ Kf7 37. Qf5+ Rf6 38. Qh7+ Ke6 39. e5 Rd7 40.
Qe4 Rxf2 41. Qxc6+ Ke7 42. Nd4 Bxd4 43. cxd4 Rf1+ 44. Kc2 Rf2+ 45. Kc3 b4+ 46.
Kd3 a3 47. bxa3 bxa3 48. Qxh6 Rxa2 49. Qf6+ Ke8 50. Qe6+ 1-0

[Event "27th Budapest Spring Festival"]
[Site "Budapest, Hungary"]
[Date "2011.03.22"]
[Round "6"]
[White "Frih, Ameur"]
[Black "Werner, Dimo"]
[Result "1/2-1/2"]
[WhiteElo "2095"]
[BlackElo "2272"]
[PlyCount "84"]
[EventDate "2011.??.??"]

1. e4 c5 2. Nf3 Nc6 3. d3 g6 4. g3 Bg7 5. Bg2 Nf6 6. O-O O-O 7. Nbd2 d6 8. c3
Rb8 9. Re1 Nd7 10. Nf1 Nde5 11. Nxe5 dxe5 12. Be3 b6 13. Qa4 Bd7 14. Qc2 Rb7
15. a4 Qb8 16. Nd2 Na5 17. f4 exf4 18. Bxf4 e5 19. Be3 Be6 20. h4 Rd8 21. Kh2
Qc8 22. Bg5 f6 23. Be3 Qd7 24. Bf1 Qf7 25. Be2 Rbd7 26. Rf1 Rd6 27. Nf3 Qe7 28.
Ra3 h5 29. Rf2 Kh7 30. Bf1 Nc6 31. a5 Nxa5 32. Rxa5 bxa5 33. Bxc5 Qc7 34. Bxd6
Rxd6 35. d4 exd4 36. Nxd4 Bd7 37. Bb5 Bg4 38. Bd3 Qe7 39. Nb5 Rb6 40. c4 Qc5
41. Nc3 Qd4 42. Nb5 Qc5 1/2-1/2

[Event "27th Budapest Spring Festival"]
[Site "Budapest, Hungary"]
[Date "2011.03.22"]
[Round "6"]
[White "Somogyi, Istvan"]
[Black "Halak, Miklos"]
[Result "1-0"]
[WhiteElo "2176"]
[BlackElo "2062"]
[PlyCount "93"]
[EventDate "2011.??.??"]

1. d4 d5 2. c4 c6 3. Nf3 Nf6 4. Nc3 dxc4 5. a4 Bf5 6. Ne5 e6 7. f3 Bb4 8. Bg5
Qa5 9. Rc1 b5 10. axb5 cxb5 11. e4 Bg6 12. Be2 O-O 13. O-O Bxc3 14. bxc3 Nbd7
15. Nxd7 Nxd7 16. Qd2 f6 17. Be3 Bf7 18. Ra1 Qc7 19. Rfb1 a6 20. Ra3 Rfd8 21.
Qa2 Qd6 22. f4 Rdb8 23. e5 Qb6 24. Bxc4 fxe5 25. Bxb5 exf4 26. Bd3 Qd6 27.
Rxb8+ Nxb8 28. Bf2 e5 29. Bc4 Ra7 30. Ra5 Nc6 31. Bxf7+ Rxf7 32. Rxa6 exd4 33.
Ra8+ Nd8 34. Bh4 g5 35. Bxg5 Qe5 36. Rxd8+ Kg7 37. Bh4 dxc3 38. Bf2 Kg6 39.
Qc2+ Kh5 40. Qd3 Rf5 41. Rd6 Rf6 42. Rd7 Qf5 43. Qxf5+ Rxf5 44. Rc7 Rb5 45. Bd4
Rb1+ 46. Kf2 Rh1 47. h3 1-0

[Event "27th Budapest Spring Festival"]
[Site "Budapest, Hungary"]
[Date "2011.03.22"]
[Round "6"]
[White "Yin, Stanley"]
[Black "Ngo Tan, Don"]
[Result "0-1"]
[WhiteElo "2005"]
[BlackElo "2141"]
[PlyCount "36"]
[EventDate "2011.??.??"]

1. g3 Nf6 2. Nf3 g6 3. c3 Bg7 4. d3 d5 5. Na3 O-O 6. Bg2 c6 7. O-O Bf5 8. Qb3
Qb6 9. Be3 Qa6 10. Nc2 b6 11. Nfd4 Bd7 12. c4 e5 13. Nf3 e4 14. cxd5 exf3 15.
Bxf3 Nxd5 16. Bxd5 cxd5 17. Nb4 Qb7 18. Nxd5 Be6 0-1

[Event "27th Budapest Spring Festival"]
[Site "Budapest, Hungary"]
[Date "2011.03.22"]
[Round "6"]
[White "Farkas, Richard"]
[Black "Teglas, Balazs"]
[Result "0-1"]
[WhiteElo "2001"]
[BlackElo "2202"]
[PlyCount "94"]
[EventDate "2011.??.??"]

1. d4 c5 2. d5 e6 3. c4 exd5 4. cxd5 d6 5. Nc3 g6 6. e4 Bg7 7. f4 a6 8. a4 Nh6
9. Nf3 Bg4 10. h3 Bxf3 11. Qxf3 O-O 12. Bd3 Nd7 13. O-O f5 14. Bd2 fxe4 15.
Bxe4 Nf5 16. Bxf5 gxf5 17. Rae1 Rf6 18. Nd1 Rg6 19. Bc3 Nf6 20. Qd3 Qd7 21. b3
Ne4 22. Bxg7 Qxg7 23. Ne3 Ng3 24. Rf2 Re8 25. Rd1 Qf6 26. Nf1 Ne4 27. Re2 Re7
28. Rde1 Qh4 29. Qf3 Reg7 30. Kh2 Rg3 31. Nxg3 Rxg3 32. Rxe4 Rxf3 33. Re8+ Kf7
34. gxf3 Qf2+ 35. Kh1 Qxf3+ 36. Kg1 Qg3+ 37. Kf1 Qxf4+ 38. Kg2 Qg5+ 39. Kf3 f4
40. R1e7+ Qxe7 41. Rxe7+ Kxe7 42. a5 Kd7 43. Kxf4 Kc7 44. Ke4 b6 45. Kd3 bxa5
46. Kc3 Kd7 47. Kb2 a4 0-1

[Event "27th Budapest Spring Festival"]
[Site "Budapest, Hungary"]
[Date "2011.03.22"]
[Round "6"]
[White "Zala, Gyula"]
[Black "Kiss, Peter"]
[Result "1-0"]
[WhiteElo "2074"]
[BlackElo "1902"]
[PlyCount "87"]
[EventDate "2011.??.??"]

1. Nc3 d5 2. Nf3 c5 3. e4 d4 4. Ne2 Nc6 5. d3 e5 6. g3 Bg4 7. Bg2 Be7 8. h3
Bxf3 9. Bxf3 Nf6 10. Bd2 Qd7 11. Bg2 b5 12. a4 b4 13. b3 a5 14. g4 h6 15. Ng3
g6 16. Qe2 Nd8 17. f4 Bd6 18. O-O Qc7 19. Rae1 Nd7 20. Qf3 Ra7 21. h4 exf4 22.
e5 Nxe5 23. Bxf4 Ne6 24. Bxe5 Bxe5 25. Qc6+ Qxc6 26. Bxc6+ Ke7 27. Rxe5 Kd6 28.
Rxe6+ Kxe6 29. Bb5 Rf8 30. Ne4 Rc7 31. Rf6+ Ke5 32. Kg2 Re7 33. Bc4 Rc7 34. Kg3
Rd8 35. g5 hxg5 36. hxg5 Re8 37. Nd2 Re6 38. Nf3+ Kd6 39. Bxe6 fxe6 40. Rxg6
Rh7 41. Rh6 Rg7 42. Kg4 Kd7 43. g6 e5 44. Ng5 1-0

[Event "27th Budapest Spring Festival"]
[Site "Budapest, Hungary"]
[Date "2011.03.22"]
[Round "6"]
[White "Havaskori, Laszlo"]
[Black "Papa, Kassim"]
[Result "1-0"]
[WhiteElo "2106"]
[BlackElo "1919"]
[PlyCount "71"]
[EventDate "2011.??.??"]

1. e4 c5 2. Nc3 Nc6 3. f4 g6 4. Nf3 Bg7 5. d3 e6 6. Be2 Nge7 7. O-O d6 8. Qe1
Nd4 9. Bd1 O-O 10. Kh1 Bd7 11. Nxd4 cxd4 12. Ne2 f5 13. c3 Bb5 14. c4 Bc6 15.
Ng3 Qd7 16. a4 e5 17. b4 b6 18. b5 Bb7 19. Ra2 Rac8 20. a5 fxe4 21. a6 Ba8 22.
Nxe4 d5 23. Nf2 exf4 24. Re2 Nf5 25. Bxf4 dxc4 26. Ng4 cxd3 27. Re4 Rfe8 28.
Bb3+ Kh8 29. Be6 Rxe6 30. Rxe6 Nh4 31. Be5 Bxg2+ 32. Kg1 Bxe5 33. Qxe5+ Qg7 34.
Re8+ Rxe8 35. Qxe8+ Qg8 36. Rf8 1-0

[Event "27th Budapest Spring Festival"]
[Site "Budapest, Hungary"]
[Date "2011.03.22"]
[Round "6"]
[White "Varga, Melinda"]
[Black "Kabitzke, Julian"]
[Result "1-0"]
[WhiteElo "2031"]
[BlackElo "1826"]
[PlyCount "35"]
[EventDate "2011.??.??"]

1. Nf3 c5 2. c4 Nf6 3. g3 b6 4. Bg2 Bb7 5. Nc3 e6 6. O-O Be7 7. d4 cxd4 8. Qxd4
Nc6 9. Qd3 Nb4 10. Qb1 d5 11. a3 Na6 12. Rd1 Qc8 13. cxd5 Nxd5 14. Nxd5 Bxd5
15. b4 Qc4 16. Bb2 f6 17. Nd2 Qxe2 18. Bf1 1-0

[Event "27th Budapest Spring Festival"]
[Site "Budapest, Hungary"]
[Date "2011.03.22"]
[Round "6"]
[White "Schmitt, Carsten"]
[Black "Chen, Yang"]
[Result "1/2-1/2"]
[WhiteElo "1956"]
[BlackElo "2033"]
[PlyCount "49"]
[EventDate "2011.??.??"]

1. c4 e5 2. g3 Nf6 3. Bg2 Nc6 4. Nc3 Bb4 5. Nd5 Nxd5 6. cxd5 Ne7 7. Nf3 Bd6 8.
d4 e4 9. Ne5 f5 10. O-O O-O 11. Nc4 b6 12. f3 exf3 13. Bxf3 Bb7 14. Nxd6 cxd6
15. Bf4 Qb8 16. Qa4 Rf7 17. Qxd7 Nxd5 18. Qxd6 Nxf4 19. Qxb8+ Rxb8 20. gxf4 Rd8
21. Bxb7 Rxb7 22. e3 Rc7 23. Rf2 Re7 24. Rf3 Rc7 25. Rf2 1/2-1/2

[Event "27th Budapest Spring Festival"]
[Site "Budapest, Hungary"]
[Date "2011.03.23"]
[Round "7"]
[White "Bach, Matthias"]
[Black "Boguszlavszkij, Jevgenyij"]
[Result "1-0"]
[WhiteElo "2290"]
[BlackElo "2254"]
[PlyCount "137"]
[EventDate "2011.??.??"]

1. d4 d5 2. c4 e6 3. Nc3 Nf6 4. Nf3 c6 5. g3 Nbd7 6. Bg2 Nb6 7. c5 Nbd7 8. O-O
Be7 9. Bf4 O-O 10. Qc2 Nh5 11. Kh1 Nxf4 12. gxf4 f5 13. b4 Nf6 14. Ne5 Bd7 15.
a4 Be8 16. b5 Ng4 17. Nd3 Rf6 18. Bh3 Nh6 19. Rg1 Rg6 20. Ne5 Rxg1+ 21. Rxg1
Rc8 22. Qd3 Bf8 23. Qe3 Qf6 24. Rb1 Qe7 25. bxc6 bxc6 26. Qd3 Nf7 27. Qa6 Rc7
28. Nf3 h6 29. e3 Kh7 30. Ne2 g5 31. Bg2 Nd8 32. Ne5 Rb7 33. Rxb7 Qxb7 34.
Qxb7+ Nxb7 35. fxg5 hxg5 36. Nc1 Na5 37. Kg1 Bh5 38. Bf3 Bxf3 39. Nxf3 Be7 40.
Ne5 Bf6 41. Ncd3 Bxe5 42. Nxe5 g4 43. Kg2 Kh6 44. f3 gxf3+ 45. Kxf3 Kg5 46. Kg3
a6 47. Kf3 Kh4 48. Nd3 Kh3 49. Nf4+ Kxh2 50. Nxe6 Kg1 51. Nc7 Kf1 52. Nxa6 Ke1
53. Nc7 Kd2 54. Ne6 Kc3 55. Ng7 Kb4 56. Nxf5 Kxa4 57. Kf4 Nc4 58. Nd6 Na5 59.
Kf5 Nc4 60. e4 Ne3+ 61. Kf4 Nc2 62. exd5 Nxd4 63. Ke5 Nb3 64. Nb7 cxd5 65. c6
Nd2 66. Kxd5 Kb4 67. Nd6 Nf1 68. c7 Ne3+ 69. Ke6 1-0

[Event "27th Budapest Spring Festival"]
[Site "Budapest, Hungary"]
[Date "2011.03.23"]
[Round "7"]
[White "Kahn, Evarth Dr"]
[Black "Kantor, Gergely"]
[Result "1/2-1/2"]
[WhiteElo "2253"]
[BlackElo "2147"]
[PlyCount "45"]
[EventDate "2011.??.??"]

1. d4 Nf6 2. c4 e6 3. Nf3 Bb4+ 4. Bd2 Qe7 5. a3 Bxd2+ 6. Qxd2 d6 7. Nc3 O-O 8.
g3 Nbd7 9. Bg2 e5 10. O-O c6 11. dxe5 Nxe5 12. Nxe5 dxe5 13. b4 Be6 14. c5 Rfd8
15. Qb2 Rd7 16. Rfd1 Rad8 17. Rxd7 Rxd7 18. Rd1 Rxd1+ 19. Nxd1 Bd5 20. Qd2 Qd7
21. Nc3 Bxg2 22. Qxd7 Nxd7 23. Kxg2 1/2-1/2

[Event "27th Budapest Spring Festival"]
[Site "Budapest, Hungary"]
[Date "2011.03.23"]
[Round "7"]
[White "Toth, Ervin"]
[Black "Carlstedt, Jonathan"]
[Result "1-0"]
[WhiteElo "2424"]
[BlackElo "2386"]
[PlyCount "69"]
[EventDate "2011.??.??"]

1. d4 d5 2. c4 e6 3. Nc3 c5 4. cxd5 exd5 5. Nf3 Nc6 6. g3 Nf6 7. Bg2 Be7 8. O-O
O-O 9. Bg5 cxd4 10. Nxd4 h6 11. Bf4 Bg4 12. h3 Be6 13. Rc1 Nxd4 14. Qxd4 Qd7
15. Kh2 Rfc8 16. Qe5 Rc6 17. Rcd1 Bd6 18. Qe3 Rb6 19. Bxd6 Qxd6 20. Rd2 Re8 21.
Qd3 Qd7 22. e3 Rb4 23. a3 Rb6 24. Rfd1 Qc8 25. Qd4 Ne4 26. Nxe4 dxe4 27. Qxe4
Bb3 28. Qxe8+ Qxe8 29. Rd8 Kf8 30. R1d7 Be6 31. Rxe8+ Kxe8 32. Rxb7 Rxb7 33.
Bxb7 Kd7 34. g4 Kc7 35. Be4 1-0

[Event "27th Budapest Spring Festival"]
[Site "Budapest, Hungary"]
[Date "2011.03.23"]
[Round "7"]
[White "Szalanczy, Emil"]
[Black "Juhasz, Kristof"]
[Result "1/2-1/2"]
[WhiteElo "2269"]
[BlackElo "2272"]
[PlyCount "80"]
[EventDate "2011.??.??"]

1. e4 c6 2. d4 d5 3. e5 Bf5 4. Nf3 e6 5. Be2 c5 6. O-O Nc6 7. Be3 cxd4 8. Nxd4
Nxd4 9. Bxd4 Ne7 10. Nd2 Nc6 11. c3 Be7 12. f4 O-O 13. Nb3 f6 14. exf6 Bxf6 15.
Bf2 e5 16. fxe5 Bxe5 17. Bf3 Be4 18. Bxe4 dxe4 19. Qxd8 Raxd8 20. Rae1 Rfe8 21.
Re2 b6 22. Rfe1 Bf6 23. h3 Kf7 24. Bg3 Rd3 25. Kh2 e3 26. Bf4 Be5 27. Kg3 Bxf4+
28. Kxf4 Ne5 29. Nd4 Rd2 30. Kxe3 Nc4+ 31. Kf3 Rexe2 32. Rxe2 Rxb2 33. Rxb2
Nxb2 34. Ke4 Na4 35. Kd3 Nb2+ 36. Ke4 Na4 37. Ne2 Ke6 38. Kd4 Nc5 39. Nf4+ Kd6
40. c4 Nd7 {after 18 move} 1/2-1/2

[Event "27th Budapest Spring Festival"]
[Site "Budapest, Hungary"]
[Date "2011.03.23"]
[Round "7"]
[White "Ngo Tan, Don"]
[Black "Koczo, Kristof"]
[Result "1-0"]
[WhiteElo "2141"]
[BlackElo "2264"]
[PlyCount "95"]
[EventDate "2011.??.??"]

1. Nf3 d5 2. g3 g6 3. Bg2 Bg7 4. d4 Nf6 5. O-O O-O 6. c4 c6 7. Nbd2 Bf5 8. b3
Ne4 9. Bb2 Nd7 10. h3 Nxd2 11. Qxd2 Be4 12. Qf4 b5 13. cxd5 cxd5 14. Rfc1 Rc8
15. Qh4 Bf6 16. Ng5 Bxg5 17. Qxg5 Bxg2 18. Kxg2 e6 19. Qf4 Qb6 20. h4 h5 21. g4
hxg4 22. h5 e5 23. dxe5 Rxc1 24. Rxc1 gxh5 25. Qf5 Qg6 26. Qxd7 Qe4+ 27. Kg1
Qxe2 28. Qf5 Qxb2 29. Qg5+ Kh7 30. Qxh5+ Kg7 31. Qg5+ Kh7 32. Rc6 Qb1+ 33. Kh2
g3+ 34. fxg3 Qg6 35. Rxg6 fxg6 36. Qe7+ Kg8 37. Qe6+ Kg7 38. Qxd5 Rf7 39. Qxb5
Re7 40. Qd5 Rc7 41. e6 Kf6 42. g4 Re7 43. g5+ Kg7 44. Kg3 a5 45. Qe5+ Kh7 46.
Qf6 Rc7 47. e7 a4 48. Qf7+ 1-0

[Event "27th Budapest Spring Festival"]
[Site "Budapest, Hungary"]
[Date "2011.03.23"]
[Round "7"]
[White "Lengyel, Bela"]
[Black "Juhasz, Armin"]
[Result "1-0"]
[WhiteElo "2296"]
[BlackElo "2037"]
[PlyCount "75"]
[EventDate "2011.??.??"]

1. e4 c6 2. Nc3 d5 3. Nf3 Bg4 4. h3 Bxf3 5. Qxf3 e6 6. d4 dxe4 7. Qxe4 Nf6 8.
Qh4 Be7 9. Bg5 Nbd7 10. O-O-O Nd5 11. Bxe7 Qxe7 12. Qxe7+ Kxe7 13. Ne4 N7f6 14.
Nc5 Rab8 15. g3 Rhd8 16. Bg2 Kf8 17. Rhe1 h6 18. c3 Nd7 19. Nd3 Rbc8 20. Kc2
Kg8 21. c4 N5f6 22. b3 Nb6 23. Kc3 Rc7 24. a4 a5 25. f4 Rdc8 26. Bf3 Nbd7 27.
g4 Kf8 28. h4 b5 29. g5 Ng8 30. g6 fxg6 31. Rxe6 Kf7 32. Rde1 bxa4 33. bxa4 Nb6
34. f5 gxf5 35. Bh5+ g6 36. Rxg6 Kf8 37. Reg1 Nxa4+ 38. Kb3 1-0

[Event "27th Budapest Spring Festival"]
[Site "Budapest, Hungary"]
[Date "2011.03.23"]
[Round "7"]
[White "Lee, Kai Jie Edward"]
[Black "Bea, Boglarka"]
[Result "1/2-1/2"]
[WhiteElo "1913"]
[BlackElo "2109"]
[PlyCount "191"]
[EventDate "2011.??.??"]

1. e4 c5 2. Nf3 e6 3. c4 Nc6 4. Nc3 Nf6 5. d4 cxd4 6. Nxd4 Bb4 7. Nxc6 bxc6 8.
Bd3 e5 9. O-O O-O 10. Bg5 h6 11. Bh4 Bc5 12. Kh1 d6 13. f3 Bd4 14. Rb1 g5 15.
Bf2 Bxc3 16. bxc3 c5 17. Qd2 Kg7 18. Be2 Qc7 19. Be3 Ne8 20. Rb3 Bd7 21. Qe1
Bc6 22. Qg3 Kh7 23. h4 f6 24. hxg5 fxg5 25. Kh2 Nf6 26. Rh1 Nh5 27. Qh3 Nf4 28.
Bxf4 Rxf4 29. Kg1 Rf6 30. Qg3 Kg7 31. Qe1 Raf8 32. Qc1 R6f7 33. Rb2 Rb8 34. Rd2
Rb6 35. Bd3 Bd7 36. Kf2 Be6 37. Be2 Qb7 38. Qc2 Qa6 39. Rhd1 Rfb7 40. Qd3 Qa4
41. Ke1 Qa6 42. g3 Rf7 43. Bf1 Qc8 44. Rf2 Qf8 45. Qe3 Ra6 46. Bd3 Ra3 47. Qc1
Ra4 48. Qc2 Ra3 49. Qc1 Ra4 50. Qc2 Ra6 51. Qe2 g4 52. fxg4 Rxf2 53. Qxf2 Qxf2+
54. Kxf2 Rxa2+ 55. Kf3 Kg6 56. Bf1 Ra6 57. Be2 Kg5 58. Ke3 Bxg4 59. Bxg4 Kxg4
60. Rh1 Kg5 61. g4 Ra3 62. Kd3 Ra2 63. Rh5+ Kg6 64. Rf5 Ra6 65. Rf8 Rb6 66.
Rg8+ Kf6 67. Rf8+ Kg5 68. Rg8+ Kf4 69. Rg6 d5 70. Rg7 dxe4+ 71. Kc2 Rc6 72.
Rxa7 Kxg4 73. Kd2 Kf5 74. Ke3 Rf6 75. Rh7 Kg6 76. Re7 Rf5 77. Kxe4 h5 78. Re8
Rg5 79. Rg8+ Kf6 80. Rf8+ Kg7 81. Rf3 h4 82. Rh3 Rh5 83. Kd5 Kf6 84. Kxc5 Kg5
85. Kd5 Kg4 86. Rh1 h3 87. c5 Kg3 88. c6 e4+ 89. Kxe4 Rc5 90. Kd4 Rxc6 91. c4
h2 92. Rxh2 Kxh2 93. Kd5 Rc8 94. c5 Kg3 95. c6 Kf4 96. Kd6 1/2-1/2

[Event "27th Budapest Spring Festival"]
[Site "Budapest, Hungary"]
[Date "2011.03.23"]
[Round "7"]
[White "Horvath, David"]
[Black "Somogyi, Istvan"]
[Result "1-0"]
[WhiteElo "2309"]
[BlackElo "2176"]
[PlyCount "111"]
[EventDate "2011.??.??"]

1. c4 Nf6 2. Nc3 c5 3. Nf3 Nc6 4. d4 cxd4 5. Nxd4 g6 6. g3 Bg7 7. Bg2 O-O 8.
O-O d6 9. Nxc6 bxc6 10. e4 Be6 11. Qe2 Rb8 12. Rb1 Qa5 13. Bd2 Qa6 14. b3 d5
15. cxd5 Qxe2 16. Nxe2 cxd5 17. Nf4 Nxe4 18. Bxe4 dxe4 19. Nxe6 fxe6 20. Be3
Rbc8 21. Rfc1 Kf7 22. Bxa7 Ra8 23. Rc7 Rfd8 24. a4 Rd3 25. Be3 Bc3 26. Rc4 e5
27. Rxe4 Bd4 28. Kf1 Rb8 29. Ke2 Rdxb3 30. Rxb3 Rxb3 31. Bxd4 exd4 32. Rxd4 Ra3
33. Rb4 Kf6 34. Kf1 h5 35. h4 e5 36. Rb6+ Kf5 37. Ra6 Ra2 38. Ra8 e4 39. Ra5+
Kf6 40. Ke1 Ke6 41. Rg5 Kf6 42. a5 Kf7 43. Rb5 Kg7 44. Rb7+ Kf6 45. Rb6+ Kf5
46. a6 Ra5 47. Kd1 g5 48. hxg5 Kxg5 49. Kc2 h4 50. gxh4+ Kxh4 51. Kb3 Kg4 52.
Rc6 Kf3 53. Rf6+ Ke2 54. Kb4 Ra1 55. Kb5 Rb1+ 56. Kc6 1-0